<?xml version="1.0" encoding="UTF-8"?>
<record
    xmlns:xsi="http://www.w3.org/2001/XMLSchema-instance"
    xsi:schemaLocation="http://www.loc.gov/MARC21/slim http://www.loc.gov/standards/marcxml/schema/MARC21slim.xsd"
    xmlns="http://www.loc.gov/MARC21/slim">

  <leader>01776nam a22002657a 4500</leader>
  <controlfield tag="003">NALT</controlfield>
  <controlfield tag="005">20211203140852.0</controlfield>
  <controlfield tag="008">      s2559    th                  tha d</controlfield>
  <datafield tag="020" ind1=" " ind2=" ">
    <subfield code="a">9786169198697</subfield>
  </datafield>
  <datafield tag="040" ind1=" " ind2=" ">
    <subfield code="a">NALT</subfield>
  </datafield>
  <datafield tag="041" ind1=" " ind2=" ">
    <subfield code="a">tha</subfield>
  </datafield>
  <datafield tag="050" ind1=" " ind2=" ">
    <subfield code="a">HG 3754.5.T5 </subfield>
    <subfield code="b">&#xE02;273&#xE01; 2559</subfield>
  </datafield>
  <datafield tag="100" ind1="0" ind2=" ">
    <subfield code="a">&#xE02;&#xE27;&#xE31;&#xE0D;&#xE23;&#xE31;&#xE10; &#xE2A;&#xE48;&#xE27;&#xE19;&#xE1E;&#xE07;&#xE29;&#xE4C;</subfield>
    <subfield code="9">27361</subfield>
  </datafield>
  <datafield tag="245" ind1="1" ind2="0">
    <subfield code="a">&#xE01;&#xE32;&#xE23;&#xE1E;&#xE31;&#xE12;&#xE19;&#xE32;&#xE2A;&#xE34;&#xE19;&#xE40;&#xE0A;&#xE37;&#xE48;&#xE2D;&#xE40;&#xE1E;&#xE37;&#xE48;&#xE2D;&#xE01;&#xE32;&#xE23;&#xE04;&#xE49;&#xE32;&#xE40;&#xE1E;&#xE37;&#xE48;&#xE2D;&#xE2A;&#xE48;&#xE07;&#xE2D;&#xE2D;&#xE01;&#xE2A;&#xE33;&#xE2B;&#xE23;&#xE31;&#xE1A;&#xE27;&#xE34;&#xE2A;&#xE32;&#xE2B;&#xE01;&#xE34;&#xE08;&#xE02;&#xE19;&#xE32;&#xE14;&#xE01;&#xE25;&#xE32;&#xE07;&#xE41;&#xE25;&#xE30;&#xE02;&#xE19;&#xE32;&#xE14;&#xE22;&#xE48;&#xE2D;&#xE21; (SMEs) /</subfield>
    <subfield code="c">&#xE02;&#xE27;&#xE31;&#xE0D;&#xE23;&#xE31;&#xE10; &#xE2A;&#xE48;&#xE27;&#xE19;&#xE1E;&#xE07;&#xE29;&#xE4C;, &#xE2D;&#xE31;&#xE08;&#xE09;&#xE23;&#xE32; &#xE08;&#xE31;&#xE19;&#xE17;&#xE23;&#xE4C;&#xE09;&#xE32;&#xE22;, &#xE1E;&#xE31;&#xE01;&#xE15;&#xE23;&#xE4C;&#xE1C;&#xE08;&#xE07; &#xE27;&#xE31;&#xE12;&#xE19;&#xE2A;&#xE34;&#xE19;&#xE18;&#xE38;&#xE4C;.</subfield>
  </datafield>
  <datafield tag="260" ind1=" " ind2=" ">
    <subfield code="a">&#xE01;&#xE23;&#xE38;&#xE07;&#xE40;&#xE17;&#xE1E;&#xE2F; : </subfield>
    <subfield code="b">&#xE2A;&#xE16;&#xE32;&#xE1A;&#xE31;&#xE19;&#xE23;&#xE30;&#xE2B;&#xE27;&#xE48;&#xE32;&#xE07;&#xE1B;&#xE23;&#xE30;&#xE40;&#xE17;&#xE28;&#xE40;&#xE1E;&#xE37;&#xE48;&#xE2D;&#xE01;&#xE32;&#xE23;&#xE04;&#xE49;&#xE32;&#xE41;&#xE25;&#xE30;&#xE01;&#xE32;&#xE23;&#xE1E;&#xE31;&#xE12;&#xE19;&#xE32; (&#xE2D;&#xE07;&#xE04;&#xE4C;&#xE01;&#xE32;&#xE23;&#xE21;&#xE2B;&#xE32;&#xE0A;&#xE19;), </subfield>
    <subfield code="c">2559.</subfield>
  </datafield>
  <datafield tag="300" ind1=" " ind2=" ">
    <subfield code="a">198 &#xE2B;&#xE19;&#xE49;&#xE32; :</subfield>
    <subfield code="b">&#xE15;&#xE32;&#xE23;&#xE32;&#xE07; ;</subfield>
    <subfield code="c">24 &#xE0B;&#xE21;.</subfield>
  </datafield>
  <datafield tag="650" ind1=" " ind2="4">
    <subfield code="a">&#xE2A;&#xE34;&#xE19;&#xE40;&#xE0A;&#xE37;&#xE48;&#xE2D;&#xE40;&#xE1E;&#xE37;&#xE48;&#xE2D;&#xE01;&#xE32;&#xE23;&#xE2A;&#xE48;&#xE07;&#xE2D;&#xE2D;&#xE01;</subfield>
    <subfield code="9">27364</subfield>
    <subfield code="z">&#xE44;&#xE17;&#xE22; </subfield>
    <subfield code="x">&#xE27;&#xE34;&#xE08;&#xE31;&#xE22;</subfield>
  </datafield>
  <datafield tag="650" ind1=" " ind2="4">
    <subfield code="a">&#xE2A;&#xE34;&#xE19;&#xE40;&#xE0A;&#xE37;&#xE48;&#xE2D;&#xE40;&#xE1E;&#xE37;&#xE48;&#xE2D;&#xE01;&#xE32;&#xE23;&#xE2A;&#xE48;&#xE07;&#xE2D;&#xE2D;&#xE01;</subfield>
    <subfield code="9">27366</subfield>
    <subfield code="x">&#xE18;&#xE38;&#xE23;&#xE01;&#xE34;&#xE08;&#xE02;&#xE19;&#xE32;&#xE14;&#xE22;&#xE48;&#xE2D;&#xE21; </subfield>
    <subfield code="x">&#xE27;&#xE34;&#xE08;&#xE31;&#xE22;</subfield>
  </datafield>
  <datafield tag="650" ind1=" " ind2="4">
    <subfield code="a">&#xE2A;&#xE34;&#xE19;&#xE40;&#xE0A;&#xE37;&#xE48;&#xE2D;&#xE40;&#xE1E;&#xE37;&#xE48;&#xE2D;&#xE01;&#xE32;&#xE23;&#xE2A;&#xE48;&#xE07;&#xE2D;&#xE2D;&#xE01; </subfield>
    <subfield code="9">27368</subfield>
    <subfield code="x">&#xE27;&#xE34;&#xE2A;&#xE32;&#xE2B;&#xE01;&#xE34;&#xE08;&#xE02;&#xE19;&#xE32;&#xE14;&#xE01;&#xE25;&#xE32;&#xE07;&#xE41;&#xE25;&#xE30;&#xE02;&#xE19;&#xE32;&#xE14;&#xE22;&#xE48;&#xE2D;&#xE21; </subfield>
    <subfield code="x">&#xE27;&#xE34;&#xE08;&#xE31;&#xE22;</subfield>
  </datafield>
  <datafield tag="700" ind1="0" ind2=" ">
    <subfield code="a">&#xE2D;&#xE31;&#xE08;&#xE09;&#xE23;&#xE32; &#xE08;&#xE31;&#xE19;&#xE17;&#xE23;&#xE4C;&#xE09;&#xE32;&#xE22;</subfield>
    <subfield code="9">18788</subfield>
  </datafield>
  <datafield tag="700" ind1="0" ind2=" ">
    <subfield code="a">&#xE1E;&#xE31;&#xE01;&#xE15;&#xE23;&#xE4C;&#xE1C;&#xE08;&#xE07; &#xE27;&#xE31;&#xE12;&#xE19;&#xE2A;&#xE34;&#xE19;&#xE18;&#xE38;&#xE4C;</subfield>
    <subfield code="9">27369</subfield>
  </datafield>
  <datafield tag="850" ind1=" " ind2=" ">
    <subfield code="a">NALT</subfield>
  </datafield>
  <datafield tag="942" ind1=" " ind2=" ">
    <subfield code="c">RSH</subfield>
    <subfield code="2">lcc</subfield>
  </datafield>
  <datafield tag="998" ind1=" " ind2=" ">
    <subfield code="b">&#xE0A;&#xE27;&#xE19;&#xE1E;&#xE34;&#xE0A;&#xE0D;&#xE4C;  &#xE23;&#xE31;&#xE15;&#xE19;&#xE32;&#xE44;&#xE1E;&#xE1A;&#xE39;&#xE25;&#xE22;&#xE4C;</subfield>
    <subfield code="b">potjapin</subfield>
    <subfield code="c">phon</subfield>
    <subfield code="j">104</subfield>
    <subfield code="k"> &#xE2A;&#xE32;&#xE22;&#xE1D;&#xE19; &#xE14;&#xE35;&#xE07;&#xE32;&#xE21;</subfield>
  </datafield>
  <datafield tag="999" ind1=" " ind2=" ">
    <subfield code="c">76824</subfield>
    <subfield code="d">76824</subfield>
  </datafield>
  <datafield tag="952" ind1=" " ind2=" ">
    <subfield code="0">0</subfield>
    <subfield code="1">0</subfield>
    <subfield code="2">lcc</subfield>
    <subfield code="4">0</subfield>
    <subfield code="7">0</subfield>
    <subfield code="8">CRSH</subfield>
    <subfield code="a">NALT</subfield>
    <subfield code="b">NALT</subfield>
    <subfield code="c">RSH</subfield>
    <subfield code="d">2021-12-03</subfield>
    <subfield code="e">&#xE1A;&#xE23;&#xE34;&#xE08;&#xE32;&#xE04;</subfield>
    <subfield code="o">&#xE27; HG 3754.5.T5 &#xE02;273&#xE01; 2559</subfield>
    <subfield code="p">3961205050</subfield>
    <subfield code="r">2017-06-09 00:00:00</subfield>
    <subfield code="w">2017-06-09</subfield>
    <subfield code="y">RSH</subfield>
  </datafield>
  <datafield tag="952" ind1=" " ind2=" ">
    <subfield code="0">0</subfield>
    <subfield code="1">0</subfield>
    <subfield code="2">lcc</subfield>
    <subfield code="4">0</subfield>
    <subfield code="7">0</subfield>
    <subfield code="8">CSEN</subfield>
    <subfield code="a">NALT</subfield>
    <subfield code="b">NALT</subfield>
    <subfield code="c">RSH</subfield>
    <subfield code="d">2023-12-23</subfield>
    <subfield code="l">0</subfield>
    <subfield code="o">&#xE27; HG 3754.5.T5 &#xE02;273&#xE01; 2559</subfield>
    <subfield code="p">0100008164001</subfield>
    <subfield code="r">2023-12-27 00:00:00</subfield>
    <subfield code="w">2023-12-23</subfield>
    <subfield code="y">RSH</subfield>
  </datafield>
</record>
